Statistiques concernant Intercommunalités du Lot

Cliquez ici pour prendre le quiz!

Statistiques générales

  • Ce quiz a été pris 11 fois
  • Le résultat moyen est 4 sur 9

Statistiques - réponses

Nombres de CommunesIntercommunalités% Correct
92 (dont 06 dans l'Aveyron)Communauté de communes Grand-Figeac
100%
36Grand Cahors
100%
20Communauté de communes Quercy-Bouriane
90%
77Communauté de communes Causses et Vallée de la Dordogne
60%
23Communauté de communes du Pays de Lalbenque-Limogne
20%
10Communauté de communes du Quercy Blanc
20%
17Communauté de communes du Causse de Labastide-Murat
10%
15Communauté de communes Cazals-Salviac
0%
27Communauté de communes de la Vallée du Lot et du Vignoble
0%

Distribution des résultats

Percentile par nombre de réponses

% des personnes avec chaque résultat

Votre développement - résultats

Vous n’avez pas pris ce quiz